Techniques for classroom interaction. /

Uloženo v:
Podrobná bibliografie
Hlavní autor: Byrne, Donn
Médium: Kniha
Jazyk:English
Vydáno: London : Longman, 1987.
Témata:
Tagy: Přidat tag
Žádné tagy, Buďte první, kdo otaguje tento záznam!
Thư viện lưu trữ: Mạng thư viện Đại học Đà Nẵng
LEADER 00948nam a22002891a 4500
001 000037701
003 13996
005 20200521150818.0
008 160412s1987 000
040 |a lnn  |c lnn  |d lnn 
041 1 |a eng 
082 1 4 |a 428  |b TA-L 
100 1 |a Byrne, Donn 
245 1 0 |a Techniques for classroom interaction. /  |c Donn Byrne. 
260 |a London :  |b Longman,  |c 1987. 
300 |a 107 p. :  |b ill. ;  |c 20,5 cm. 
630 0 4 |a Anh ngữ. 
630 0 4 |a English language. 
650 0 4 |a Techniques  |a Techniques for classroom interaction. 
OWN |a LNN 
AVA |a UDN50  |b LNN  |c English  |e available  |t Error 5001 Not defined in file expand_doc_bib_avail.  |f 1  |g 0  |h N  |i 0  |j AN 
999 |a From the UDN01 
AVA |a UDN50  |b LNN  |c English  |e available  |t Error 5001 Not defined in file expand_doc_bib_avail.  |f 1  |g 0  |h N  |i 0  |j AN 
TYP |a Monograph 
980 |a Mạng thư viện Đại học Đà Nẵng